Countries Whose Capitals Start With Letter R - Statistics

General Stats
  • This quiz has been taken 45 times
  • The average score is 5 of 6
Answer Stats
Capital Country % Correct
Rome Italy
97%
Riga Latvia
95%
Riyadh Saudi Arabia
89%
Reykjavik Iceland
87%
Rabat Morocco
84%
Roseau Dominica
76%
No matching quizzes found
Score Distribution
Percent of People with Each Score
Percentile by Number Answered
Your Score History
You have not taken this quiz